Europe's Mountains Map Quiz - Statistics

General Stats
  • This quiz has been taken 150 times
  • The average score is 15 of 45
Answers on the Map
Answers color-coded by a green-red scale on the quiz's map according to % correct below.
 
Answer Stats
Answer % Correct
Mont Blanc
81%
Mount Olympus
70%
Ben Nevis
68%
Mount Elbrus
60%
Monte Bianco
57%
Großglockner
53%
Zugspitze
52%
Hvannadalshnúkur
50%
Møllehøj
42%
Carrauntoohil
39%
Galdhøpiggen
39%
Triglav
39%
Monte Rosa
37%
Moldoveanu
37%
Monte Titano
35%
Grauspitz
33%
Mount Pico
33%
Mulhacén
32%
Chemin des Révoires
32%
Kékes
32%
Gerlachovský štít
31%
Vaalserberg
31%
Rysy
30%
Suur Munamägi
30%
(unnamed)
30%
Signal de Botrange
28%
Dealul Bălăneşti
27%
Dinara
27%
Sněžka
27%
Kebnekaise
26%
Aukštojas Hill
25%
Coma Pedrosa
24%
Halti
24%
Maglić
24%
Midžor
23%
Ta' Dmejrek
23%
Golem Korab
22%
Dzyarzhynskaya Hara
21%
Gaizinkalns
21%
Musala
21%
Hora Hoverla
20%
Kneiff
20%
Velika Rudoka
20%
Zla Kolata
17%
Maja e Korabit
16%
No matching quizzes found
Score Distribution
Percent of People with Each Score
Percentile by Number Answered
Your Score History
You have not taken this quiz